000 004220000a22001810004500
003 LK-CoMWRAF
005 20231020122152.0
008 230817t ||||| |||| 00| 0 eng d
040 _aLK-CoMWRAF
_dLK-CoMWRAF
_eLK-CoMWRAF
041 _aeng
082 _a297
_bRAO
100 _aRao, K. S. Ramakrishna
245 _aMuhummed, the Prophet of Islam
260 _c1985
300 _a32p
650 _aIslam
942 _cBK
999 _c1808
_d1808